000 00587nam a2200181Ia 4500
008 090124s9999 xx 000 0 und d
082 _b3747
100 _aकाणेकर अनंत
245 _a धुर व इतर एकांकिका
250 _a0
260 _bवीणा प्रकाशन
_c1941
300 _a137
600 _aकाणेकर अनंत
630 _a धुर व इतर एकांकिका
700 _aकाणेकर अनंत
730 _a धुर व इतर एकांकिका
942 _cBOOK
999 _c83382
_d83382